<?xml version="1.0" encoding="UTF-8"?>
<record
    xmlns:xsi="http://www.w3.org/2001/XMLSchema-instance"
    xsi:schemaLocation="http://www.loc.gov/MARC21/slim http://www.loc.gov/standards/marcxml/schema/MARC21slim.xsd"
    xmlns="http://www.loc.gov/MARC21/slim">

  <leader>01049nam a2200265 a 4500</leader>
  <controlfield tag="001">56735</controlfield>
  <controlfield tag="003">BD-RjUL</controlfield>
  <controlfield tag="005">20211209080428.0</controlfield>
  <controlfield tag="008">161203s1983    ne            110 0 eng  </controlfield>
  <datafield tag="020" ind1=" " ind2=" ">
    <subfield code="a">0444866116</subfield>
  </datafield>
  <datafield tag="035" ind1=" " ind2=" ">
    <subfield code="a">(BD-RjUL)56859</subfield>
  </datafield>
  <datafield tag="040" ind1=" " ind2=" ">
    <subfield code="a">DLC</subfield>
    <subfield code="c">DLC</subfield>
    <subfield code="d">DLC</subfield>
    <subfield code="b">eng</subfield>
  </datafield>
  <datafield tag="041" ind1=" " ind2=" ">
    <subfield code="a">eng</subfield>
  </datafield>
  <datafield tag="082" ind1="0" ind2="0">
    <subfield code="a">001.4</subfield>
    <subfield code="2">23</subfield>
    <subfield code="b">INF 1983</subfield>
  </datafield>
  <datafield tag="245" ind1="0" ind2="0">
    <subfield code="a">Information policy and scientific research :</subfield>
    <subfield code="b">proceedings of a symposium in honour of Drs. R.E.M. van den Brink, past President of Elsevier, Amsterdam, 2 June 1981 /</subfield>
    <subfield code="c">edited by Arie A. Manten and Theo Timman.</subfield>
  </datafield>
  <datafield tag="260" ind1=" " ind2=" ">
    <subfield code="a">Amsterdam :</subfield>
    <subfield code="b">Elsevier Science Publishers ;</subfield>
    <subfield code="a">New York :</subfield>
    <subfield code="b">Sole distributors for the U.S.A. Elsevier Science Pub.,</subfield>
    <subfield code="c">1983.</subfield>
  </datafield>
  <datafield tag="300" ind1=" " ind2=" ">
    <subfield code="a">vi, 170 p. ;</subfield>
    <subfield code="c">23 cm.</subfield>
  </datafield>
  <datafield tag="600" ind1="1" ind2="0">
    <subfield code="a">Brink, Rudolf Engelbert Marie van den,</subfield>
    <subfield code="d">1919-</subfield>
    <subfield code="9">168718</subfield>
  </datafield>
  <datafield tag="650" ind1=" " ind2="0">
    <subfield code="a">Research</subfield>
    <subfield code="x">Information services</subfield>
    <subfield code="x">Congresses.</subfield>
    <subfield code="9">168719</subfield>
  </datafield>
  <datafield tag="650" ind1=" " ind2="0">
    <subfield code="a">Science and state</subfield>
    <subfield code="x">Congresses.</subfield>
    <subfield code="9">168720</subfield>
  </datafield>
  <datafield tag="700" ind1="1" ind2=" ">
    <subfield code="a">Manten, A. A.</subfield>
    <subfield code="9">168721</subfield>
  </datafield>
  <datafield tag="700" ind1="1" ind2=" ">
    <subfield code="a">Timman, Theo.</subfield>
    <subfield code="9">168722</subfield>
  </datafield>
  <datafield tag="942" ind1=" " ind2=" ">
    <subfield code="2">ddc</subfield>
    <subfield code="c">BK</subfield>
  </datafield>
  <datafield tag="999" ind1=" " ind2=" ">
    <subfield code="c">56735</subfield>
    <subfield code="d">56735</subfield>
  </datafield>
  <datafield tag="952" ind1=" " ind2=" ">
    <subfield code="0">0</subfield>
    <subfield code="1">0</subfield>
    <subfield code="2">ddc</subfield>
    <subfield code="4">0</subfield>
    <subfield code="7">1</subfield>
    <subfield code="8">NFIC</subfield>
    <subfield code="a">RUCL</subfield>
    <subfield code="b">RUCL</subfield>
    <subfield code="c">Reading</subfield>
    <subfield code="d">1986-08-24</subfield>
    <subfield code="e">N/A</subfield>
    <subfield code="g">0.00</subfield>
    <subfield code="l">0</subfield>
    <subfield code="o">001.4 INF 1983</subfield>
    <subfield code="r">2016-12-03 00:00:00</subfield>
    <subfield code="t">C-1</subfield>
    <subfield code="w">2016-12-03</subfield>
    <subfield code="y">BK</subfield>
  </datafield>
</record>
